00878nam a2200205Ia 4500082001400000100001600014245011300030260010400143300001000247440005600257504005900313650002000372650002800392650003700420650004200457650003700499700001800536700002500554710009300579 aRS.0517-1 aSarma, Atul 0aIndia: Meeting the challenges of the European Union : a study of constraints and prospects of Indian exports c1995bICSSR, New Delhi and Institute for Social Science Research in Developing Countries, the Hague a508p. aIndo-Dutch Programme on Alternatives in Development aRevised edition Bibliography and appendices at the end aEXPORTS - INDIA aEXPORT CONTROLS - INDIA aFOREIGN TRADE REGULATION - INDIA aEXPORT RESTRICTIONS//EXPORT CONTROLS  aEXPORT LICENSES//EXPORT CONTROLS aFaber, Gerrit aMetha, Pradeep Kumar aIndian Statistical Institute, New Delhi and Utrecht University, Utrecht, the Netherlands